Railway Stations in Great Britain Starting with A - Statistics

General Stats
  • This quiz has been taken 113 times
    55 since last reset
  • The average score is 31 of 128
Answer Stats
County Passengers (2024/2025) Station % Correct
Caerphilly 145,234 Aber
93%
Aberdeen City 2,377,660 Aberdeen
89%
Buckinghamshire 900,484 Aylesbury
81%
Surrey 259,336 Ash
74%
Hampshire 1,141,420 Andover
67%
Lancashire 503,794 Accrington
59%
Hampshire 1,371,112 Aldershot
59%
Surrey 882,266 Ashford
59%
Kent 3,791,778 Ashford International
59%
South Ayrshire 795,560 Ayr
56%
Rhondda Cynon Taf 341,438 Aberdare
52%
Buckinghamshire 1,892,926 Amersham
52%
Greater London 11,873,686 Abbey Wood
48%
Ceredigion 298,878 Aberystwyth
48%
Hampshire 590,922 Alton
48%
Berkshire 947,036 Ascot
48%
West Midlands 613,448 Aston
48%
Greater London 1,574,010 Acton Central
44%
Greater London 2,699,464 Acton Main Line
44%
Northumberland 130,630 Ashington
44%
Buckinghamshire 127,578 Aylesbury Vale Parkway
44%
Greater Manchester 316,474 Altrincham
41%
West Sussex 308,686 Arundel
41%
City of Bristol 171,440 Avonmouth
37%
Devon 417,946 Axminster
37%
Monmouthshire 423,316 Abergavenny
33%
North Lanarkshire 809,690 Airdrie
33%
West Sussex 89,218 Amberley
33%
West Sussex 843,312 Angmering
33%
Kent 29,092 Appledore
33%
Angus 362,306 Arbroath
33%
Norfolk 47,882 Acle
30%
Derbyshire 382,994 Alfreton
30%
Northumberland 378,954 Alnmouth
30%
Oxfordshire 9,074 Appleford
30%
Surrey 358,324 Ash Vale
30%
Kent 184,616 Aylesford
30%
Kent 106,320 Aylesham
30%
Lancashire 166,760 Adlington
26%
Cheshire 24,710 Adlington
26%
Merseyside 977,074 Aintree
26%
Clackmannanshire 528,768 Alloa
26%
Essex 97,088 Alresford
26%
Derbyshire 39,004 Ambergate
26%
Glasgow City 1,013,182 Anniesland
26%
Greater Manchester 262 Ardwick
26%
Cheshire 8,648 Ashley
26%
Surrey 1,023,956 Ashtead
26%
Norfolk 175,046 Attleborough
26%
Shropshire 92,196 Albrighton
22%
East Sussex 169,826 Aldrington
22%
City of Bristol 50,988 Ashley Down
22%
Nottinghamshire 96,094 Attenborough
22%
Essex 814,130 Audley End
22%
Highland 123,654 Aviemore
22%
Gwynedd 49,838 Aberdovey
19%
West Midlands 417,750 Acocks Green
19%
Surrey 382,112 Addlestone
19%
Kent 26,556 Adisham
19%
Berkshire 71,290 Aldermaston
19%
Cheshire 115,024 Alsager
19%
Worcestershire 163,368 Alvechurch
19%
Carmarthenshire 23,694 Ammanford
19%
Greater London 948,840 Anerley
19%
Dumfries and Galloway 127,412 Annan
19%
West Yorkshire 455,666 Apperley Bridge
19%
Cumbria 63,348 Appleby
19%
Greater Manchester 105,284 Ashburys
19%
Gloucestershire 108,740 Ashchurch for Tewkesbury
19%
Greater Manchester 180,238 Ashton-under-Lyne
19%
Kent 27,738 Ashurst
19%
Bedfordshire 8,300 Aspley Guise
19%
Greater Manchester 218,476 Atherton
19%
Rhondda Cynon Taf 189,820 Abercynon
15%
Gwynedd 3,552 Abererch
15%
Conwy 104,922 Abergele and Pensarn
15%
Northumberland 856 Acklington
15%
Cheshire 54,980 Acton Bridge
15%
West Midlands 147,180 Adderley Park
15%
South Yorkshire 175,978 Adwick
15%
Merseyside 597,462 Aigburth
15%
Greater London 775,024 Albany Park
15%
Cheshire 244,220 Alderley Edge
15%
Lancashire 126,192 Appley Bridge
15%
Hertfordshire 518,088 Apsley
15%
Argyll and Bute 4,050 Ardlui
15%
Glasgow City 1,279,026 Argyle Street
15%
Cumbria 119,618 Arnside
15%
Oxfordshire 1,282 Ascott-under-Wychwood
15%
Warwickshire 113,120 Atherstone
15%
Wiltshire 25,078 Avoncliff
15%
Fife 116,962 Aberdour
11%
Highland 3,340 Achnasheen
11%
Merseyside 892,242 Ainsdale
11%
Essex 33,650 Althorne
11%
Lincolnshire 3,816 Althorpe
11%
Glasgow City 419,400 Anderston
11%
Highland 5,734 Ardgay
11%
Highland 5,572 Arisaig
11%
Argyll and Bute 20,438 Arrochar and Tarbet
11%
Hampshire 108,328 Ashurst New Forest
11%
Cambridgeshire 173,122 Ashwell and Morden
11%
Cumbria 70,730 Askam
11%
Cumbria 31,666 Aspatria
11%
East Ayrshire 64,852 Auchinleck
11%
Highland 550 Achanalt
7%
Highland 890 Achnashellach
7%
West Lothian 18,496 Addiewell
7%
North Lanarkshire 109,620 Airbles
7%
Greater London 1,855,806 Alexandra Palace
7%
Glasgow City 343,914 Alexandra Parade
7%
West Dunbartonshire 185,556 Alexandria
7%
Highland 20,482 Alness
7%
Highland 0 Altnabreac
7%
North Ayrshire 84,144 Ardrossan Harbour
7%
North Ayrshire 17,108 Ardrossan Town
7%
Bedfordshire 688,476 Arlesey
7%
Glasgow City 64,718 Ashfield
7%
Nottinghamshire 23,218 Aslockton
7%
Highland 1,034 Attadale
7%
County Durham 99,646 Allens West
4%
Lincolnshire 5,532 Ancaster
4%
Lancashire 48,776 Ansdell and Fairhaven
4%
North Ayrshire 167,462 Ardrossan South Beach
4%
West Lothian 232,232 Armadale
4%
Cumbria 13,282 Armathwaite
4%
East Riding of Yorkshire 1,030 Arram
4%
Lancashire 185,634 Aughton Park
4%
No matching quizzes found
Score Distribution
Percent of People with Each Score
Percentile by Number Answered
Your Score History
You have not taken this quiz since the last reset